000 00558nam a2200169 i 4500
001 52840
003 ES-MaACL
005 20230906162645.0
007 t|
008 030905s1946 sp ||||1| spa d
100 1 _aDefourneaux, Marcelin.
_943209
245 1 0 _aSaragosse dans les relations franco-spagnoles au moyen age /
_cMarcelin Defourneaux.
260 _aZaragoza :
_bSecretariado de Publicaciones,
_c1946 (
_fLa Académica)
300 _a10 p. ;
_c24 cm.
500 _aEs separata de: Revista Universidad, nº 1, 1946.
852 _aES-MaACL
_j1863-F-30
999 _c52840
_d52840